Impuesto industrial y tarifas de licencia fiscal (Record no. 82613)

MARC details
000 -LEADER
campo de control de longitud fija 00911nam a2200229 i 4500
001 - NÚMERO DE CONTROL
campo de control 82613
003 - IDENTIFICADOR DE NÚMERO DE CONTROL
campo de control ES-MaACL
005 - FECHA Y HORA DE LA ÚLTIMA TRANSACCIÓN
campo de control 20250827095307.0
007 - CAMPO FIJO DE DESCRIPCIÓN FÍSICA--INFORMACIÓN GENERAL
campo de control de longitud fija t|
008 - DATOS DE LONGITUD FIJA--INFORMACIÓN GENERAL
campo de control de longitud fija 041111s1961 sp ||||1| spa d
080 ## - NÚMERO DE LA CLASIFICACIÓN DECIMAL UNIVERSAL
Número de la Clasificación Decimal Universal 351.713:336.215.2(46)"19"
245 00 - MENCIÓN DEL TÍTULO
Título Impuesto industrial y tarifas de licencia fiscal
Resto del título : disposiciones concordadas, anotadas con la jurisprudencia del Tribunal Supremo / por Francisco Pan Montojo..., colaborando con la redacción de la Revista de los Tribunales.
250 ## - MENCION DE EDICION
Mención de edición Nueva ed.
260 ## - PUBLICACIÓN, DISTRIBUCIÓN, ETC.
Lugar de publicación, distribución, etc. Madrid :
Nombre del editor, distribuidor, etc. Góngora,
Fecha de publicación, distribución, etc. [1961]
300 ## - DESCRIPCIÓN FÍSICA
Extensión 944 p. ;
Dimensiones 16 cm.
490 1# - MENCIÓN DE SERIE
Mención de serie Biblioteca de bolsillo. Códigos y leyes anotados
650 #4 - PUNTO DE ACCESO ADICIONAL DE MATERIA--TÉRMINO DE MATERIA
Término de materia o nombre geográfico como elemento de entrada Impuesto industrial-
Subdivisión geográfica España.
9 (RLIN) 153889
700 1# - ENTRADA AGREGADA--NOMBRE PERSONAL
Nombre de persona Pan Montojo, Francisco.
9 (RLIN) 88741
830 00 - PUNTO DE ACCESO ADICIONAL DE SERIE-TÍTULO UNIFORME
Título uniforme Biblioteca de bolsillo.
Nombre de parte o sección de la obra Códigos y leyes anotados
9 (RLIN) 182122
852 ## - LOCALIZACIÓN
Ubicación ES-MaACL
Número de control de estantería C-22690
Sublocalización o colección R.50326
Holdings
Estatus retirado Estado de pérdida Estado de daño No para préstamo Biblioteca de origen Biblioteca actual Ubicación en estantería Fecha de adquisición Fuente de adquisición Total de préstamos Signatura topográfica completa Código de barras Visto por última vez Precio de reemplazo Tipo de ítem Koha
        Biblioteca del Ateneo de Madrid Biblioteca del Ateneo de Madrid Galería 17/01/2008     C-22690 1086339 23/02/2023 23/02/2023 Libro impreso